|
|
|
|
| LEADER |
01677nam a2200325 a 4500 |
| 001 |
12167629 |
| 008 |
100201s2001 nyua 001 0 eng d |
| 010 |
|
|
|a 00702795
|
| 020 |
|
|
|a 9971513307
|
| 020 |
|
|
|a 0471320005 (acid-free paper)
|
| 040 |
|
|
|a DLC
|c DLC
|d DLC
|d DB-DhAAL
|
| 082 |
0 |
0 |
|a 530
|2 21
|
| 100 |
1 |
|
|a Halliday, David,
|d 1916-
|
| 245 |
1 |
0 |
|a Fundamentals of physics /
|c David Halliday, Robert Resnick, Jearl Walker.
|
| 250 |
|
|
|a 6th ed.
|
| 260 |
|
|
|a New York :
|b John Wiley & Sons,
|c c2001.
|
| 300 |
|
|
|a 1 v. (various pagings) :
|b ill. (some col.) ;
|c 26 cm.
|
| 504 |
|
|
|a Includes index.
|
| 541 |
1 |
|
|e 00011481
|
| 650 |
|
0 |
|a Physics.
|
| 700 |
1 |
|
|a Resnick, Robert,
|d 1923-
|
| 700 |
1 |
|
|a Walker, Jearl,
|d 1945-
|
| 852 |
4 |
|
|a Ayesha Abed Library
|j General Shelf.
|
| 942 |
0 |
0 |
|0 2
|
| 999 |
|
|
|c 7285
|d 7285
|
| 952 |
|
|
|0 0
|1 0
|2 ddc
|4 0
|6 530_HAL_200100000000000
|7 0
|9 7685
|a BRACUL
|b BRACUL
|c GEN
|d 2010-02-01
|l 88
|m 255
|o 530 HAL
|p 3010011481
|r 2024-10-22
|s 2024-06-24
|t 1
|w 2010-02-01
|y BK
|
| 952 |
|
|
|0 0
|1 1
|2 ddc
|4 0
|6 530_000000000000000_HAL
|7 0
|9 7686
|a BRACUL
|b BRACUL
|c GEN
|d 2010-02-01
|l 6
|m 7
|o 530 HAL
|p 3010012786
|r 2010-10-14
|s 2010-07-01
|t 2
|w 2010-02-01
|y BK
|x Price not available in Register
|
| 952 |
|
|
|0 0
|1 0
|2 ddc
|4 0
|6 530_HAL_200100000000000
|7 0
|9 7778
|a BRACUL
|b BRACUL
|c GEN
|d 2010-02-04
|l 85
|m 330
|o 530 HAL
|p 3010011479
|r 2025-10-22
|s 2025-10-13
|t 3
|w 2010-02-04
|y BK
|
| 952 |
|
|
|0 0
|1 0
|2 ddc
|4 0
|6 530_HAL_200100000000000
|7 0
|9 7784
|a BRACUL
|b BRACUL
|c GEN
|d 2010-02-04
|l 48
|m 161
|o 530 HAL
|p 3010011478
|r 2026-01-15
|s 2025-12-10
|t 4
|w 2010-02-04
|y BK
|
| 952 |
|
|
|0 0
|1 0
|2 ddc
|4 0
|6 530_HAL_200100000000000
|7 0
|9 10350
|a BRACUL
|b BRACUL
|c GEN
|d 2010-05-19
|l 74
|m 343
|o 530 HAL
|p 3010011480
|r 2026-05-17
|s 2026-05-15
|t 5
|w 2010-05-19
|y BK
|